LAW RELATING TO INTELLECTUAL PROPERTY (Record no. 25763)

MARC details
000 -LEADER
fixed length control field 00325nam a22001457a 4500
003 - CONTROL NUMBER IDENTIFIER
control field SGT
020 ## - INTERNATIONAL STANDARD BOOK NUMBER
International Standard Book Number 9789386515247
082 ## - DEWEY DECIMAL CLASSIFICATION NUMBER
Classification number 346.54
Item number SRE
100 ## - MAIN ENTRY--PERSONAL NAME
Personal name SREENIVASULU N S
245 ## - TITLE STATEMENT
Title LAW RELATING TO INTELLECTUAL PROPERTY
250 ## - EDITION STATEMENT
Edition statement 2
260 ## - PUBLICATION, DISTRIBUTION, ETC. (IMPRINT)
Place of publication, distribution, etc GURGAON
Name of publisher, distributor, etc UNIVERSAL
Year of Publication 2022
300 ## - PAGE DESCRIPTION
No. of Pages 515
942 ## - ADDED ENTRY ELEMENTS (KOHA)
Source of classification or shelving scheme Dewey Decimal Classification
Koha item type Books
942 ## - ADDED ENTRY ELEMENTS (KOHA)
-- 16
Holdings
Withdrawn status Lost status Source of classification or shelving scheme Damaged status Not for loan Collection code Home library Current library Shelving location Date acquired Vendor Name Cost, normal purchase price SGTU Bill Number Full call number Accession No. (Barcode) Date last seen Bill Date Koha item type Total Checkouts Checked out Date last borrowed
    Dewey Decimal Classification   Not For Loan LAW SGT Science & Social Sciences Library SGT Science & Social Sciences Library Reference Book 26/02/2024 COMMERCIAL BOOK HOUSE 925.00 SGTU 2075 346.54 SRE FL3371 26/02/2024 06/02/2024 Books      
    Dewey Decimal Classification     LAW SGT Science & Social Sciences Library SGT Science & Social Sciences Library Text Book 26/02/2024 COMMERCIAL BOOK HOUSE 925.00 SGTU 2075 346.54 SRE FL3372 16/02/2026 06/02/2024 Books 8 18/03/2026 16/02/2026
    Dewey Decimal Classification     LAW SGT Science & Social Sciences Library SGT Science & Social Sciences Library Text Book 26/02/2024 COMMERCIAL BOOK HOUSE 925.00 SGTU 2075 346.54 SRE FL3373 24/04/2024 06/02/2024 Books 5   18/04/2024
    Dewey Decimal Classification     LAW SGT Science & Social Sciences Library SGT Science & Social Sciences Library Text Book 26/02/2024 COMMERCIAL BOOK HOUSE 925.00 SGTU 2075 346.54 SRE FL3374 16/04/2026 06/02/2024 Books 8   18/03/2026
    Dewey Decimal Classification     LAW SGT Science & Social Sciences Library SGT Science & Social Sciences Library Text Book 26/02/2024 COMMERCIAL BOOK HOUSE 925.00 SGTU 2075 346.54 SRE FL3375 26/02/2024 06/02/2024 Books